=LDR 00000nam 2200000 4500 =001 NUTBA000000000002017 =005 20200805074132 =035 ##$$a 0010-051400000000482 =008 200805################g##########0#ind## =082 ##$$a f Rom D =090 ##$$a F Rom D Alas T =100 ##$$a Hasjmy, A =245 1#$$a Tanah merah : $b Digul bumi pahlawan kemerdekaan Indonesia /$c A. Hasjmy =260 ##$$a Jakarta :$b Bulan Bintang,$c 1976 =300 ##$$a 176 hlm ; $c 20 x 13 cm =850 ##$$a NBPNMAT =650 #4$$a Kemerdekaan =084 ##$$a f Rom D HAS t =990 ##$$a 00088973